Catálogo

Dos ensayos especulativos sobre la violencia en Colombia / (Registro nro. 28421)

Detalles MARC
000 -LEADER
fixed length control field 01162cam a2200301 i 4500
001 - CONTROL NUMBER
control field 28421
003 - CONTROL NUMBER IDENTIFIER
control field Mx-PuUPA
005 - DATE AND TIME OF LATEST TRANSACTION
control field 20191008155501.0
008 - FIXED-LENGTH DATA ELEMENTS--GENERAL INFORMATION
fixed length control field 140415s1995 ck d r 000 0 spa d
020 ## - INTERNATIONAL STANDARD BOOK NUMBER
International Standard Book Number 9586015874
040 ## - CATALOGING SOURCE
Original cataloging agency Mx-PuUPA
Language of cataloging spa
Transcribing agency Mx-PuUPA
Modifying agency Mx-PuUPA
Description conventions rda
041 0# - LANGUAGE CODE
Language code of text/sound track or separate title spa
245 10 - TITLE STATEMENT
Title Dos ensayos especulativos sobre la violencia en Colombia /
Statement of responsibility, etc. por Malcom Deas, Fernando Gaitán Daza ; traducido por Juan Manuel Pombo ; prólogo de Armando Montenegro
250 ## - EDITION STATEMENT
Edition statement Primera edición /
Remainder of edition statement enero
264 #4 - PRODUCTION, PUBLICATION, DISTRIBUTION, MANUFACTURE, AND COPYRIGHT NOTICE
Place of production, publication, distribution, manufacture Colombia :
Name of producer, publisher, distributor, manufacturer Fondo Financiero de Proyectos de Desarrollo, Fonade,
-- Departamento Nacional de Planeación, DNP,
Date of production, publication, distribution, manufacture, or copyright notice 1995
300 ## - PHYSICAL DESCRIPTION
Extent xxi, 415 páginas :
Other physical details gráficas ;
Dimensions 21 cm
336 ## - CONTENT TYPE
Content type term texto
Fuente rdacontent
Content type code txt
337 ## - MEDIA TYPE
Media type term sin medio
Source rdamedia
Media type code n
338 ## - CARRIER TYPE
Carrier type term volumen
Source rdacarrier
Carrier type code nc
650 #4 - SUBJECT ADDED ENTRY--TOPICAL TERM
Topical term or geographic name entry element Violencia
Geographic subdivision Colombia
700 1# - ADDED ENTRY--PERSONAL NAME
Personal name Deas, Malcolm D.,
Dates associated with a name 1941-
Relator term autor
9 (RLIN) 8156
700 1# - ADDED ENTRY--PERSONAL NAME
Personal name Gaitán Daza, Fernando,
Relator term autor
700 1# - ADDED ENTRY--PERSONAL NAME
Personal name Pombo, Juan Manuel,
Relator term traductor
700 1# - ADDED ENTRY--PERSONAL NAME
Personal name Montenegro, Armando,
Relator term prologuista
942 ## - ADDED ENTRY ELEMENTS (KOHA)
Source of classification or shelving scheme Dewey Decimal Classification
Koha item type Libro
Classification part 303.60861
Item part D722
Existencias
Withdrawn status Lost status Source of classification or shelving scheme Damaged status Not for loan Collection code Home library Current library Shelving location Date acquired Source of acquisition Total Checkouts Full call number Barcode Date last seen Date last checked out Price effective from Koha item type
    Dewey Decimal Classification     General Biblioteca Karol Wojtyla Biblioteca Karol Wojtyla Sala general 03/12/2013 Compra 1 303.60861 D722 1995 50202 05/01/2026 09/05/2019 10/07/2018 Libro